Southville International School and Colleges
Your cart is empty.
  • Cart
  • Lists
    Public lists Eva Luna New books Lux_list list_1
    Your lists Log in to create your own lists
  • Log in to your account
  • Your cookies
  • Search history
Southville International School and Colleges
  • Advanced search
  • Recent comments
  • Most popular
  • Libraries

Log in to your account

Log in with GOOGLE


If you do not have an external account, but do have a local account, you can still log in:

  1. Home
  2. MARC view: Readings in argument /
Normal view MARC view ISBD view

Readings in argument / (Record no. 9883)

[ view plain ]
MARC details
000 -LEADER
fixed length control field 01045cam a2200325 a 4500
001 - CONTROL NUMBER
control field 4277670
003 - CONTROL NUMBER IDENTIFIER
control field SISC
005 - DATE AND TIME OF LATEST TRANSACTION
control field 20160314095438.0
008 - FIXED-LENGTH DATA ELEMENTS--GENERAL INFORMATION
fixed length control field 850522s1985 nyu 000 0 eng
010 ## - LIBRARY OF CONGRESS CONTROL NUMBER
LC control number 85011843
020 ## - INTERNATIONAL STANDARD BOOK NUMBER
International Standard Book Number 0394331559
Terms of availability $11.95
040 ## - CATALOGING SOURCE
Original cataloging agency DLC
Transcribing agency DLC
Modifying agency DLC
050 00 - LIBRARY OF CONGRESS CALL NUMBER
Classification number PE 1417
Item number .F157 1985
082 00 - DEWEY DECIMAL CLASSIFICATION NUMBER
Classification number HS 808.0427
Item number F14 1985
100 ## - MAIN ENTRY--PERSONAL NAME
Personal name Fahnestock, Jeanne
9 (RLIN) 14975
245 00 - TITLE STATEMENT
Title Readings in argument /
Statement of responsibility, etc [compiled by] Jeanne Fahnestock, Marie Secor.
250 ## - EDITION STATEMENT
Edition statement 1st ed.
260 ## - PUBLICATION, DISTRIBUTION, ETC. (IMPRINT)
Place of publication, distribution, etc New York :
Name of publisher, distributor, etc Random House,
Date of publication, distribution, etc c1985.
300 ## - PHYSICAL DESCRIPTION
Extent 654 p. ;
Dimensions 22 cm.
562 ## - COPY AND VERSION IDENTIFICATION NOTE
Number of copies For circulation. One copy available in the collection.
650 #0 - SUBJECT ADDED ENTRY--TOPICAL TERM
Topical term or geographic name as entry element College readers.
9 (RLIN) 1718
650 #0 - SUBJECT ADDED ENTRY--TOPICAL TERM
Topical term or geographic name as entry element Report writing
General subdivision Problems, exercises, etc.
9 (RLIN) 14976
650 #0 - SUBJECT ADDED ENTRY--TOPICAL TERM
Topical term or geographic name as entry element English language
General subdivision Rhetoric.
9 (RLIN) 14977
650 #0 - SUBJECT ADDED ENTRY--TOPICAL TERM
Topical term or geographic name as entry element Persuasion (Rhetoric)
9 (RLIN) 14978
700 1# - ADDED ENTRY--PERSONAL NAME
Personal name Fahnestock, Jeanne,
Dates associated with a name 1945-
9 (RLIN) 14979
700 1# - ADDED ENTRY--PERSONAL NAME
Personal name Secor, Marie,
Dates associated with a name 1939-
9 (RLIN) 14980
906 ## - LOCAL DATA ELEMENT F, LDF (RLIN)
a 7
b cbc
c orignew
d 1
e ocip
f 19
g y-gencatlg
942 ## - ADDED ENTRY ELEMENTS (KOHA)
Source of classification or shelving scheme Library of Congress Classification
Koha item type Books
Holdings
Withdrawn status Lost status Source of classification or shelving scheme Damaged status Home library Current library Shelving location Date acquired Total Checkouts Full call number Barcode Date last seen Copy number Price effective from Koha item type
    Library of Congress Classification   Luxembourg Library Luxembourg Library High School Section 08/29/2013   PE 1417 .F157 1985 9066 03/14/2016 1 08/29/2013 Books

Readings in argument /

APA

Fahnestock J., Fahnestock J. & Secor M. (1985). Readings in argument. New York: Random House.

Chicago

Fahnestock Jeanne, Fahnestock Jeanne and Secor Marie. 1985. Readings in argument. New York: Random House.

Harvard

Fahnestock J., Fahnestock J. and Secor M. (1985). Readings in argument. New York: Random House.

MLA

Fahnestock Jeanne, Fahnestock Jeanne and Secor Marie. Readings in argument. New York: Random House. 1985.

  • Place hold
  • Print
  • Cite
  • Add to your cart (remove)
  • Save record
    BIBTEX Dublin Core MARCXML MARC (non-Unicode/MARC-8) MARC (Unicode/UTF-8) MARC (Unicode/UTF-8, Standard) MODS (XML) RIS
  • More searches
    Search for this title in:
    Other Libraries (WorldCat) Other Databases (Google Scholar) Online Stores (Bookfinder.com) Open Library (openlibrary.org)

Exporting to Dublin Core...

SOUTHVILLE LIBRARY

Southville International School and Colleges Library

1281 Tropical Ave. Cor. Luxembourg St., BF Homes International, Las Pinas City

Tel. No. 8256374 / 252358 Loc. 117/146

Powered by Koha